Annual report

Informace o řízení a organizaci ČNB, o hospodaření v příslušném roce, o měnové politice a měnovém vývoji, o bankovním sektoru a bankovním dohledu, o peněžním oběhu, operacích ČNB na volném trhu, platebním styku atd. Dokumenty jsou uloženy ve formátu HTML (pro internetový prohlížeč) a PDF (prohlížeč...

Celý popis

Korporativní autor: Česká národní banka
Jazyk: Angličtina
Vydáno: Praha : Czech National Bank, [2000]-
Témata:
Externí odkaz: Online verze
Fyzický popis: ^^^(CD-ROM) : barev. ; 12 cm
Dokument dostupný též na Internetu
Odebírané svazky: 2012-2014, 2016, 2018-
Noviny a časopisy
Uloženo v:
LEADER 03115nas a2200649 i 4500
001 001301117
003 CZ BrMZK
005 20190614121203.0
007 ta
008 011210c20009999xr ar s 0 0eng
040 |a BOA001  |b cze  |e rda 
041 1 |a eng  |h cze 
043 |a e-xr--- 
072 7 |a 336.7  |x Finance  |2 Konspekt  |9 4 
080 |a 336.711  |2 MRF 
080 |a 336.7  |2 MRF 
080 |a 330.5  |2 MRF 
080 |a (047)  |2 MRF 
080 |a (058)  |2 MRF 
080 |a (0.034.4)  |2 MRF 
110 2 |a Česká národní banka  |7 kn20010725042  |4 aut 
240 1 0 |a Výroční zpráva (Česká národní banka).  |l Anglicky  |7 kon2006374614 
245 1 0 |a Annual report  |c Czech National Bank 
256 |a Data 
264 1 |a Praha :  |b Czech National Bank,  |c [2000]- 
300 |a ^^^(CD-ROM) :  |c 12 cm  |b barev. ; 
310 |a Ročenka 
336 |a text  |b txt  |2 rdacontent 
337 |a počítač  |b c  |2 rdamedia 
338 |a počítačový disk  |b cd  |2 rdacarrier 
362 0 |a 1999- 
500 |a Název z titulní obrazovky 
500 |a Popsáno podle: r. 2000 
520 8 |a Informace o řízení a organizaci ČNB, o hospodaření v příslušném roce, o měnové politice a měnovém vývoji, o bankovním sektoru a bankovním dohledu, o peněžním oběhu, operacích ČNB na volném trhu, platebním styku atd. Dokumenty jsou uloženy ve formátu HTML (pro internetový prohlížeč) a PDF (prohlížeč Adobe Acrobat) 
530 |a Dokument dostupný též na Internetu 
538 |a Požadavky na systém: neuvedeny 
541 |c pv-cdr-r 
610 2 7 |a Česká národní banka  |7 kn20010725042  |2 czenas 
650 0 7 |a finance  |7 ph114548  |z Česko  |2 czenas 
650 0 7 |a centrální bankovnictví  |7 ph119101  |z Česko  |2 czenas 
650 0 9 |a Banks and banking, Central  |x Periodicals  |z Czechia  |2 eczenas 
650 0 9 |a Finance  |x Periodicals  |z Czechia  |2 eczenas 
651 7 |a Česko  |7 ge128065  |x národní hospodářství  |2 czenas 
651 9 |a Czechia  |x Economic conditions  |x Periodicals  |2 eczenas 
655 7 |a zprávy  |7 fd133875  |2 czenas 
655 7 |a ročenky  |7 fd133307  |2 czenas 
655 7 |a CD-ROM  |7 fd133955  |2 czenas 
856 4 1 |u http://www.cnb.cz/www.cnb.cz/en/about_cnb/performance/vyrocnizpravy.html  |3 Online verze  |4 N 
910 |a BOA001  |b CDR-1284.071  |s 2012-2014, 2016, 2018- 
990 |a SE 
995 |a 01 
991 |b 201306 
996 3 |b 2610551438  |c CDR-1284.071  |d 2012  |v 2012  |y 2012  |l Stud. periodik/2.patro  |r Sklad / do 1 hodiny  |n 0  |p cdr-p.v.  |w 001335785  |u 000010  |a 1  |e BOA001  |j MZK50  |s N 
996 3 |b 2610589953  |c CDR-1284.071  |d 2013  |v 2013  |y 2013  |l Stud. periodik/2.patro  |r Sklad / do 1 hodiny  |n 0  |p cdr-p.v.  |w 001335785  |u 000020  |a 1  |e BOA001  |j MZK50  |s N 
996 3 |b 2610636565  |c CDR-1284.071  |d 2014  |v 2014  |y 2014  |l Stud. periodik/2.patro  |r Sklad / do 1 hodiny  |n 0  |p cdr-p.v.  |w 001335785  |u 000030  |a 1  |e BOA001  |j MZK50  |s N 
996 3 |b 2610708708  |c CDR-1284.071  |d 2016  |v 2016  |y 2016  |l Stud. periodik/2.patro  |r Sklad / do 1 hodiny  |n 0  |p cdr-p.v.  |w 001335785  |u 000040  |a 1  |e BOA001  |j MZK50  |s N 
996 3 |b 2610782663  |c CDR-1284.071  |d 2018  |v 2018  |y 2018  |l Stud. periodik/2.patro  |r Sklad / do 1 hodiny  |n 0  |p p.v.  |w 001335785  |u 000050  |a 1  |e BOA001  |j MZK50  |s N